000
00314nam a2200121Ia 4500
005
20260326235439.0
008
260326s9999||||xx |||||||||||||| ||und||
100
_a
Toca, Antonio
245
0
_a
México :
_b
Nueva Arquitectura /
_c
Antonio Toca
260
_b
Gustavo Gili
650
_a
ARQUITECTURA REGIONAL
942
_c
BK
999
_c
7338
_d
7338